| 000 | 01611nam a2200445 i 4500 | ||
|---|---|---|---|
| 001 | 13729 | ||
| 003 | KOSZ 005 | ||
| 005 | 20230209145941.0 | ||
| 008 | 080208s1965 pl |000 0 pol | ||
| 015 | _aPB 1965/8570 | ||
| 035 | _a(OCoLC)831269314 | ||
| 040 |
_aWA N _cWA N _dKOSZ 005/HR |
||
| 041 | 1 |
_apol _hger |
|
| 080 | _a330.85 | ||
| 100 | 1 |
_aMarx, Karl _d(1818-1883) _eAutor |
|
| 245 | 1 | 0 |
_aTeorie wartości dodatkowej. _nCz. 2 / _cKarol Marks ; [tł. Julian Maliniak ; do dr. przygot. Ozjasz Szechter]. |
| 246 | 1 |
_iTyt. oryg.: _aTheorien über den Mehrwert. |
|
| 250 | _aDruk z matryc wyd. 1. | ||
| 260 |
_aWarszawa : _b"Książka i Wiedza", _c1965. |
||
| 300 |
_a811, [1] s. ; _c23 cm. |
||
| 336 |
_2rdacontent _aTekst _btxt |
||
| 337 |
_2rdamedia _aBez urządzenia pośredniczącego _bn |
||
| 338 |
_2rdacarrier _aWolumin _bnc |
||
| 380 | _aKsiążki. | ||
| 388 | _a1801-1900 | ||
| 490 | 1 |
_aKapitał / Karol Marks ; _vt. 4. |
|
| 504 | _aBibliogr. | ||
| 650 | 4 | _aEkonomia | |
| 650 | 4 | _aFilozofia | |
| 650 | 4 | _aMarksizm | |
| 650 | 4 | _aWartość ekonomiczna | |
| 658 | _aFilozofia i etyka | ||
| 658 | _aGospodarka, ekonomia, finanse | ||
| 700 | 1 |
_aMaliniak, Julian _d(1889-1972) _eTłumaczenie |
|
| 710 | 2 |
_aSpółdzielnia Wydawniczo-Handlowa "Książka i Wiedza" _4pbl. |
|
| 700 | 1 |
_aSzechter, Ozjasz _d(1901-1982) _eRedakcja |
|
| 800 | 1 |
_aMarx, Karl _d(1818-1883). _tKapitał _vt. 4. |
|
| 856 |
_uhttp://koha.tu.koszalin.pl/cgi-bin/koha/opac-detail.pl?biblionumber=13729 _yKatalog online BPK |
||
| 942 |
_2UKD _cKS |
||
| 999 |
_c13729 _d13729 |
||